000 00591nam a2200157 a 4500
008 120416s1990 ||||||||||||||||| || u
020 _a0883900351
050 _aHF 5549.5.T7 Dix
100 _aDixon, Nancy M
245 1 0 _aEvaluation: a tool for improving HRD quality
260 _aSan Diego:
_bUniversity Associates, Inc
_c1990
300 _aiv, 268p. : ill.
350 _a0.00
650 _aEMPLOYEES--TRAINING OF--EVALUATION
995 _D0.00
_FCBU-MAIN LIBRARY (Kitwe)
_H1
_I35.00
_UAVAILABLE
_ZMain Library Open Access Collection
999 _c42641
_d42641